Приборы и стенды. Тема № 1 [15]: Акселерометр А-2 (Запись № 8244999)

Подробности
000 -МАРКЕР
контрольное поле 01248nam2a22002651 4500
001 - ИДЕНТИФИКАТОР ЗАПИСИ
контрольное поле rc\3980625
005 - ИДЕНТИФИКАТОР ВЕРСИИ
контрольное поле 20250610223443.0
035 ## - ДРУГИЕ СИСТЕМНЫЕ НОМЕРА
Идентификатор записи (NLR Aleph) 007935374
100 ## - ДАННЫЕ ОБЩЕЙ ОБРАБОТКИ
Данные общей обработки 20130415g19551956|||y0rusy50 ca
101 0# - ЯЗЫК РЕСУРСА
Язык текста, звукозаписи и т.д. русский
102 ## - СТРАНА ПУБЛИКАЦИИ ИЛИ ПРОИЗВОДСТВА
Страна публикации Российская Федерация
105 ## - ПОЛЕ КОДИРОВАННЫХ ДАННЫХ: ТЕКСТОВЫЕ МАТЕРИАЛЫ, МОНОГРАФИЧЕСКИЕ
Кодированные данные о монографическом текстовом документе y z |||||
200 1# - ЗАГЛАВИЕ И СВЕДЕНИЯ ОБ ОТВЕТСТВЕННОСТИ
Основное заглавие Акселерометр А-2
210 ## - ПУБЛИКАЦИЯ, РАСПРОСТРАНЕНИЕ И ДР.
Дата издания, распространения и т.д. 1955 [вып. дан. 1956]
Место издания, распространения и т.д. Б. м.
225 1# - СЕРИЯ
Основное заглавие серии ...
Обозначение тома № ПС-55-489
423 #0 - ИЗДАЕТСЯ В ОДНОЙ ОБЛОЖКЕ ВМЕСТЕ С ...
Встроенное поле 1010#$arus
-- 2001#$aПриборы для регистрации перегрузок$f[Инж. А.А. Ушаков]
-- 700#1$aУшаков$bА.А.
Заглавие Приборы для регистрации перегрузок
Автор Ушаков, А.А.
423 #0 - ИЗДАЕТСЯ В ОДНОЙ ОБЛОЖКЕ ВМЕСТЕ С ...
Встроенное поле 1010#$arus
-- 2001#$aВиброграф В11$f[Канд. техн. наук С.И. Цейтлин]
-- 700#1$aЦейтлин$bС.И.
Заглавие Виброграф В11
Автор Цейтлин, С.И.
461 #0 - УРОВЕНЬ НАБОРА
Встроенное поле 001rc\3980609
-- 2001#$aПриборы и стенды$e[Тема № 1]-$vТема № 1 [15]
Системный номер (АБИС) связанной записи 8244905
Место публикации Москва
Дата публикации 1955
Имя издателя, распространителя и т.д. Б. и.
Сведения, относящиеся к заглавию [Тема № 1]-
Заглавие Приборы и стенды
Номер тома Тема № 1 [15]
700 #1 - ИМЯ ЛИЦА - ПЕРВИЧНАЯ ОТВЕТСТВЕННОСТЬ
Начальный элемент ввода Смолюк
Часть имени, кроме начального элемента ввода Л.А.
801 #0 - ИСТОЧНИК ЗАПИСИ
Страна Российская Федерация
Организация NLR
Правила каталогизации psbo
801 #1 - ИСТОЧНИК ЗАПИСИ
Страна Российская Федерация
Организация ELAR
Источник данных rusmarc
852 ## - МЕСТОНАХОЖДЕНИЕ И ШИФР ХРАНЕНИЯ
Идентификатор организации NLR
Шифр хранения (Call Number) Т10 Г-8/106
942 ## - ДОПОЛНИТЕЛЬНЫЕ ЭЛЕМЕНТЫ ЗАПИСИ (АБИС)
Тип экземпляра АБИС Книга
980 ## - КОЛЛЕКЦИЯ
Название коллекции Национальная библиография
Экземпляры
Тип экземпляра Дата поступления Библиотека постоянного хранения Библиотека текущего хранения Место хранения Шифр хранения Штрих-код Статус экземпляра
Книга 26.10.2013 РНБ (Садовая) РНБ (Садовая) Русский книжный фонд -Главное здание, Ленинский читальный зал Т10 Г-8/106 7935374-10